| 000 | 00462nam a2200157Ia 4500 | ||
|---|---|---|---|
| 005 | 20250514140833.0 | ||
| 008 | 231217s9999 xx 000 0 und d | ||
| 020 | _a9780070223585 | ||
| 082 | _a332.6 PIS;1 R | ||
| 100 | _aPistolese, Clifford | ||
| 245 | 0 | _aLife span investing : building the best portfolio for every stage of your life | |
| 260 |
_c2008 _bT M H _aNew Delhi |
||
| 300 | _axiv, 207 | ||
| 650 | _aspan,investing,portfolio,stage | ||
| 942 | _cAA | ||
| 999 |
_c190321 _d190321 |
||